Programa de lengua latina quinto y sexto curso

Saved in:
Bibliographic Details
Main Author: García Pastor, J. Autor
Format: Unknown
Language:Spanish
Published: Palma de Mallorca Paideia s.d.
Textbook Catalogue:MANES:  Library Catalog Search Result
Textbook Classification:
Tags: Add Tag
No Tags, Be the first to tag this record!
Added to:2016-04-26

MARC

LEADER 000000000a22000000004500
001 19081
003 OSt
008 160427s sp ||||| |||| 00| 0 spa d
041 1 |a spa 
040 |c centro_manes 
691 0 |a SE 
100 1 |a García Pastor, J.  |b Autor  |9 13493 
245 0 0 |a Programa de lengua latina quinto y sexto curso 
260 3 |a Palma de Mallorca  |b Paideia  |c s.d. 
300 |a 8p.  |c 11 * 15 cm 
500 |a ILUSTRACIONES: No contiene. ENCUADERNACIÓN: Papel. DESCRIPCIÓN CONTENIDO: Programa de lengua latina. PALABRAS CLAVE: Programa de lengua latina. NéMERO EJEMPLARES: 1. Nº TOPOGRÁFICO: 3587. CONSERVACIÓN: Buena.  |a nivel: Libro para el Bachillerato. 
690 7 |a LC 
942 |2 ddc  |c BK 
546 |a España 
999 |c 25049  |d 25049 
999 |c manes:25049  |d 25049